000 00907cam a22002291i 4500
003 SA-RiAUC
005 20260204140008.0
008 260201s1990____ua f b 00010 ara c
040 _aSA-JeALM
_bara
_cSA-RiAUC
_erda
082 0 4 _a001.42
_qSA-RiAUC
090 _a001.42
_bخ ش ت
100 1 _aالخشت، محمد عثمان،
_d1964-
_eمؤلف.
245 1 0 _aفن كتابة البحوث العلمية وإعداد الرسائل الجامعية /
_cمحمد عثمان الخشت.
264 1 _aالقاهرة :
_bمكتبة ابن سينا للطباعة والنشر والتوزيع والتصدير،
_c1990
300 _a160 صفحة ؛
_c24 سم
336 _aنص
_btxt
_2rdacontent
_3كتاب
337 _aبدون وسيط
_bn
_2rdamedia
650 7 _aالبحث
_2aucsh
650 7 _aكتابة الرسائل
_2aucsh
942 _2ddc
_cBOOK
_n0
949 _aSA-JeALM
_d260201
_uosman123
_n1
999 _c14238
_d14238